MANIPAL MANUAL OF PHYSIOLOGY (Record no. 3636)

MARC details
000 -LEADER
fixed length control field 00366nam a2200145Ia 4500
008 - FIXED-LENGTH DATA ELEMENTS--GENERAL INFORMATION
fixed length control field 150201s2006 xx 000 0 und d
082 ## - DEWEY DECIMAL CLASSIFICATION NUMBER
Classification number 612
Item number M2006C
100 ## - MAIN ENTRY--PERSONAL NAME
Personal name CHANDERSHEKAR
245 ## - TITLE STATEMENT
Title MANIPAL MANUAL OF PHYSIOLOGY
250 ## - EDITION STATEMENT
Edition statement 1ST
260 ## - PUBLICATION, DISTRIBUTION, ETC. (IMPRINT)
Name of publisher, distributor, etc. C.B.S PUBLISHERS & DISTRIBUTERS
Place of publication, distribution, etc. DELHI
Date of publication, distribution, etc. 2006
300 ## - PHYSICAL DESCRIPTION
Extent 1-240
650 ## - SUBJECT ADDED ENTRY--TOPICAL TERM
Topical term or geographic name as entry element PHYSIOLOGY
942 ## - ADDED ENTRY ELEMENTS (KOHA)
Source of classification or shelving scheme Dewey Decimal Classification
Koha item type Books
Koha issues (borrowed), all copies 1
Holdings
Withdrawn status Lost status Source of classification or shelving scheme Damaged status Not for loan Home library Current library Date acquired Source of acquisition Cost, normal purchase price Serial Enumeration / chronology SGTU Bill Number Total Checkouts Full call number Barcode Date last seen Date last checked out Bill Date Koha item type
    Dewey Decimal Classification     SGT Dental Library SGT Dental Library 15/01/2007 U.B.S.DELHI 225.00 1 SGTU 1048 4 612 M2006C FD4303 04/08/2025 04/08/2025 21/08/2012 Books
    Dewey Decimal Classification     SGT Dental Library SGT Dental Library 15/01/2007 U.B.S.DELHI 225.00 1 SGTU 1048   612 M2006C FD4304 09/02/2015   21/08/2012 Books
    Dewey Decimal Classification     SGT Dental Library SGT Dental Library 15/01/2007 U.B.S.DELHI 225.00 1 SGTU 1048   612 M2006C FD4305 09/02/2015   21/08/2012 Books
    Dewey Decimal Classification     SGT Dental Library SGT Dental Library 15/01/2007 U.B.S.DELHI 225.00 1 SGTU 1048 2 612 M2006C FD4306 11/05/2026 28/04/2026 21/08/2012 Books
    Dewey Decimal Classification     SGT Dental Library SGT Dental Library 15/01/2007 U.B.S.DELHI 225.00 1 SGTU 1048   612 M2006C FD4307 09/02/2015   21/08/2012 Books